| 000 | 01302nam a2200241Ia 4500 | ||
|---|---|---|---|
| 003 | Ost | ||
| 005 | 20260507074926.0 | ||
| 008 | 260507s9999||||xx |||||||||||||| ||und|| | ||
| 040 | _cfsecg | ||
| 041 | _aara | ||
| 082 | _a339 | ||
| 100 |
_aالشناوي، اسماعيل احمد _eمؤلف |
||
| 245 | 0 |
_aمقدمة في الإقتصاد الكلي / _c اسماعيل احمد الشناوي |
|
| 260 |
_aالاسكندرية: _bالدار الجامعية, _c2008 |
||
| 300 |
_a320 صفحة؛ _bإيضاحات ؛ _c25 سم |
||
| 504 | _aببليوغرافيا: ص.317 | ||
| 520 | _aمفاهيم أساسية في الاقتصاد الكلي، التدفق الدائري وقطاعات المجتمع، طريقة قياس الدخل القومي، الطلب الكلى ومحدداته، تحديد المستوى التوازني للدخل القومي، التقلبات الدورية ونظرية الطلب الكلي، النقود والبنوك، الببك المركزي والسياسة النقدية، التخلف الاقتصادي والتنمية الاقتصادية | ||
| 653 | _aالاقتصاد الكلي | ||
| 653 | _aالبنوك | ||
| 653 | _aالنقود | ||
| 700 |
_aالسريتي، السيد محمد احمد _eمؤلف ثانوي |
||
| 942 | _cكتاب | ||
| 999 |
_c41826 _d41826 |
||